Criterios para el reflejo contable del deterioro de la tierra (Registro nro. 9002)

Detalles MARC
000 -LEADER
fixed length control field 00448 a2200145 4500
001 - CONTROL NUMBER
control field ART_6793
005 - DATE AND TIME OF LATEST TRANSACTION
control field 20260410161553.0
008 - FIXED-LENGTH DATA ELEMENTS--GENERAL INFORMATION
fixed length control field 260409a
100 1# - MAIN ENTRY--PERSONAL NAME
Personal name Simaro, Gustavo
245 10 - TITLE STATEMENT
Title Criterios para el reflejo contable del deterioro de la tierra
700 1# - ADDED ENTRY--PERSONAL NAME
Personal name Simaro, Jorge D.
700 1# - ADDED ENTRY--PERSONAL NAME
Personal name Tonelli, Omar E.
700 1# - ADDED ENTRY--PERSONAL NAME
Personal name Torchelli, Valeria
773 0# - HOST ITEM ENTRY
Title Profesional & Empresaria
Related parts - Año VIII, Nº 85 (oct. 2006)
Record control number REV70

No hay ítems disponibles.